Determinates of social struchure and social change in India and other papers (Record no. 419446)

000 -LEADER
fixed length control field 00471cam a22001337a 4500
008 - FIXED-LENGTH DATA ELEMENTS--GENERAL INFORMATION
fixed length control field 180718b1970 xxu||||| |||| 00| 0 eng d
082 ## - DEWEY DECIMAL CLASSIFICATION NUMBER
Classification number B19x54 P192
100 ## - MAIN ENTRY--PERSONAL NAME
Personal name Panchanadikar ,K.C.&Panchanadikar J.
245 ## - TITLE STATEMENT
Title Determinates of social struchure and social change in India and other papers
Statement of responsibility, etc. by K.C. Panchanadikar & J.Panchanadikar
260 ## - PUBLICATION, DISTRIBUTION, ETC.
Place of publication, distribution, etc. Bombay
Name of publisher, distributor, etc. Popular Publication
Date of publication, distribution, etc. 1970
300 ## - PHYSICAL DESCRIPTION
Extent xv,237p.
500 ## - GENERAL NOTE
General note rs.30.
650 ## - SUBJECT ADDED ENTRY--TOPICAL TERM
Topical term or geographic name entry element India --Social conditions --1947
Holdings
Withdrawn status Lost status Damaged status Not for loan Permanent Location Current Location Date acquired Full call number Barcode Date last seen Price effective from Koha item type
        Indian Institute of Public Administration Indian Institute of Public Administration 2009-07-03 B19x54 P192 44505 2018-07-21 2018-07-21 Book

Powered by Koha